Diesel engines and Diesel electric power. : A complete practical book of instruction on Diesel engines, their construction, principles, operation, care and adjustment; operation and care of electrical power equipment in connection with Diesel engines /

Bibliographic Details
Main Author: Richards, Ellis Loyd, 1899-
Format: Book
Language:English
Published: Chicago : F.J. Drake & co., 1943.
Subjects:

MARC

Tag First Indicator Second Indicator Subfields
LEADER 00000cam a2200000 4500
001 in00000041477
005 20151007074550.0
008 751007s1943 ilua 00010 eng
010 |a  43006292  
035 |a (OCoLC)01684005 
035 |9 AAF1726AM 
040 |a DLC  |c FQG  |d TXA  |d UtOrBLW 
049 |a TXAM  |c [375052] 
050 0 0 |a TJ795  |b .R47 1943 
082 0 |a 621.436 
092 |a 621.436  |b R514d 
100 1 |a Richards, Ellis Loyd,  |d 1899- 
245 1 0 |a Diesel engines and Diesel electric power. :  |b A complete practical book of instruction on Diesel engines, their construction, principles, operation, care and adjustment; operation and care of electrical power equipment in connection with Diesel engines /  |c By E. L. Richards ... 
264 1 |a Chicago :  |b F.J. Drake & co.,  |c 1943. 
300 |a 321 (i.e. 327), 4 unnumbered pages :  |b illustrations, diagrams ;  |c 20 cm. 
336 |a text  |b txt  |2 rdacontent 
337 |a unmediated  |b n  |2 rdamedia 
338 |a volume  |b nc  |2 rdacarrier 
500 |a Includes extra numbered pages: 240a-240d, 244a-244b. 
650 0 |a Diesel motor. 
650 0 |a Electric power. 
999 |a MARS 
999 f f |s 7512b878-313e-3cf9-b538-b2ea50bebb16  |i 112622b8-455d-38a0-a6e3-c505e0587605  |t 0 
952 f f |p ric  |a Texas A&M University  |b Rellis Campus  |c Joint Library Facility  |d Remote Storage  |t 0  |e TJ795 .R47 1943  |h Library of Congress classification  |i unmediated -- volume  |m A14801040652 
998 f f |a TJ795 .R47 1943  |t 0  |l Remote Storage